Science Quiz

Random Science or Biology Quiz

Centrum® Tablets Quiz Stats

 Plays Quiz Updated Apr 9, 2018

Score 0/33 Timer 06:00
0 Plays Today
Amount Content % Correct
90 mgVitamin C
92.5%
3500 IUVitamin A
91.6%
400 IUVitamin D
89.8%
200 mgCalcium
83.8%
30 IUVitamin E
83.6%
18 mgIron
83.2%
11 mgZinc
69.1%
100 mgMagnesium
64.2%
80 mgPotassium
63.4%
6 mcgVitamin B12
60.8%
25 mcgVitamin K
59.2%
2 mgVitamin B6
52.6%
1.7 mgRiboflavin
40.3%
0.9 mgCopper
40%
1.5 mgThiamin
35.4%
20 mgNiacin
35.4%
2.3 mgManganese
33.2%
Amount Content % Correct
500 mcgFolic Acid
32.6%
109 mgPhosphorus
29.1%
55 mcgSelenium
27%
150 mcgIodine
25%
5 mcgNickel
17.4%
150 mcgBoron
16.8%
35 mcgChromium
16.1%
10 mcgTin
14.9%
72 mgChloride
12.4%
2 mgSilicon
11.4%
30 mcgBiotin
10.9%
45 mcgMolybdenum
8.6%
10 mcgVanadium
8.2%
10 mgPantothenic Acid
7.7%
300 mcgLycopene
7.5%
250 mcgLutein
5.6%

You're not logged in!

Compare scores with friends on all Sporcle quizzes.
OR
Log In

Sporcle TV

Today on Sporcle TV


Watch our educational content, quiz creation guides, and fun videos on Sporcle TV.

Show Comments

Extras

Top Quizzes Today


Score Distribution

Your Account Isn't Verified!

In order to create a playlist on Sporcle, you need to verify the email address you used during registration. Go to your Sporcle Settings to finish the process.

Report this User

Report this user for behavior that violates our Community Guidelines.

Details: